000 00347nam a22001337a 4500
008 220125b ||||| |||| 00| 0 eng d
020 _a9789386446183
082 _a320.532
_b1
100 _aChowdhuri Rai Satya
_97530
245 _aLeftism in India,1917-1947
260 _aNew Delhi
_bSAGE Publications
_c2007
300 _a190.P
942 _2ddc
_cBK
999 _c11957
_d11957